000 01138cam a22003377a 4500
003 CHAP
005 20220329134826.0
008 971013s1972 r 00010 d
010 _a26553
011 _a27525
035 _a31626
040 _cCHAP
090 _aTesis
100 0 0 _aIslas Solares, Mario.
_960615
245 0 _aEnsayo de trece variedades de alfalfa (Medicago sativa) en condiciones de temporal en el Valle de Toluca, Méx.
260 _aChapingo, Méx. :
_bEl autor,
_c1972
300 _a42 h
502 _aTesis (Ing. Agr. Esp. en Zootecnia) -- ENA. Departamento de Zootecnia
590 _aALEPH
_b10
_c20130110
_lUCH01
_h1249
590 _aBATCH-UPD
_b10
_c20130110
_lUCH01
_h1310
590 _aBATCH-UPD
_b10
_c20130410
_lUCH01
_h0824
590 _aBATCH-UPD
_b10
_c20130914
_lUCH01
_h0251
590 _aCONVERSION
_b10
_c20130109
_lUCH01
_h1315
650 1 4 _aAlfalfa como forraje.
_93899
650 1 4 _aAlfalfa
_zMéxico (Edo.).
_93898
901 _aBK
942 _cFOLL
949 _bBC
_cTES
_d-73145
_eTS1
_i31626
_si
949 _bBC
_cTES
_d-73146
_eTS2
_fc.2
_i31626
_si
949 _bBC
_cTES
_d-73147
_eTS2
_fc.3
_i31626
_si
999 _c26553
_d26553